Security awareness : (Record no. 13407)
[ view plain ]
| 000 -LEADER | |
|---|---|
| fixed length control field | 01013cam a22002775a 4500 |
| 001 - CONTROL NUMBER | |
| control field | 15666734 |
| 005 - DATE AND TIME OF LATEST TRANSACTION | |
| control field | 20090821143811.0 |
| 008 - FIXED-LENGTH DATA ELEMENTS--GENERAL INFORMATION | |
| fixed length control field | 090319s2009 nyu 000 0 eng |
| 010 ## - LIBRARY OF CONGRESS CONTROL NUMBER | |
| LC control number | 2009925012 |
| 020 ## - INTERNATIONAL STANDARD BOOK NUMBER | |
| International Standard Book Number | 9781435496682 |
| 020 ## - INTERNATIONAL STANDARD BOOK NUMBER | |
| International Standard Book Number | 143549668X |
| 040 ## - CATALOGING SOURCE | |
| Original cataloging agency | DLC |
| Transcribing agency | DLC |
| 082 ## - DEWEY DECIMAL CLASSIFICATION NUMBER | |
| Edition number | 21 |
| Classification number | 658.472 |
| Item number | CIA |
| 100 1# - MAIN ENTRY--PERSONAL NAME | |
| Personal name | Ciampa, Mark. |
| 9 (RLIN) | 11440 |
| 245 10 - TITLE STATEMENT | |
| Title | Security awareness : |
| Remainder of title | applying practical security in your world / |
| Statement of responsibility, etc | Mark Ciampa ; [edited by] Dave Garza, Stephen Helba, Marah Bellegarde. |
| 250 ## - EDITION STATEMENT | |
| Edition statement | 3rd ed. |
| Remainder of edition statement | International student ed. |
| 260 ## - PUBLICATION, DISTRIBUTION, ETC. (IMPRINT) | |
| Place of publication, distribution, etc | Boston: |
| Name of publisher, distributor, etc | Course Technology, |
| Date of publication, distribution, etc | c.2010. |
| 263 ## - PROJECTED PUBLICATION DATE | |
| Projected publication date | 0906 |
| 300 ## - PHYSICAL DESCRIPTION | |
| Extent | 240p: |
| Other physical details | ill; |
| Dimensions | 22 cm. |
| 500 ## - GENERAL NOTE | |
| General note | Includes Index. |
| 650 ## - SUBJECT ADDED ENTRY--TOPICAL TERM | |
| Topical term or geographic name as entry element | Computer security. |
| 9 (RLIN) | 11441 |
| 650 ## - SUBJECT ADDED ENTRY--TOPICAL TERM | |
| Topical term or geographic name as entry element | Information technology. |
| 9 (RLIN) | 11442 |
| 942 ## - ADDED ENTRY ELEMENTS (KOHA) | |
| Source of classification or shelving scheme | Dewey Decimal Classification |
| Item type | Book - Borrowing |
| Withdrawn status | Item status | Source of classification or shelving scheme | Damaged status | Not for loan | Vendor | Home library | Current library | Shelving location | Date acquired | Source of acquisition | Cost, normal purchase price | Serial Enumeration / chronology | Total Checkouts | Full call number | Barcode | Date last seen | Koha item type |
|---|---|---|---|---|---|---|---|---|---|---|---|---|---|---|---|---|---|
| Dewey Decimal Classification | Alahram | Central Library | Central Library | First floor | 17/02/2010 | 277.50 | 33 | 658.472 CIA | 000019593 | 15/07/2025 | Book - Borrowing |